[Event "Paris-ch Open A"]
[Site "Paris"]
[Date "2008.06.30"]
[Round "3.8"]
[White "Lefranc, Benoit"]
[Black "Lavabre, Fabien"]
[Result "0-1"]
[WhiteElo "2100"]
[BlackElo "2221"]
[PlyCount "62"]
[EventDate "2008.06.??"]
[EventType "swiss"]
[EventRounds "9"]
[EventCountry "FRA"]
[SourceDate "2008.06.28"]

1. e4 c5 2. Nf3 d6 3. d4 cxd4 4. Nxd4 Nf6 5. Nc3 a6 6. Bc4 e6 7. Bb3 Nbd7 8.
O-O Nc5 9. f4 Be7 10. e5 dxe5 11. fxe5 Nfd7 12. Rxf7 Kxf7 13. Nxe6 Nxe6 14.
Bxe6+ Ke8 15. Be3 Nc5 16. Bd5 Be6 17. Qh5+ g6 18. Qh6 Bxd5 19. Rd1 Be6 20.
Rxd8+ Rxd8 21. Qf4 b5 22. h4 Rf8 23. Qh6 Rf7 24. h5 Bf8 25. Qg5 Rf5 26. Qg3
gxh5 27. Bg5 Rd4 28. Qe3 Rg4 29. Bf6 b4 30. Ne2 Ne4 31. Qb6 Bc5+ 0-1

[Event "Paris-ch Open A"]
[Site "Paris"]
[Date "2008.06.30"]
[Round "3.9"]
[White "Borzakian, Manouck"]
[Black "Leitner, Walter"]
[Result "1-0"]
[WhiteElo "2217"]
[BlackElo "2126"]
[PlyCount "95"]
[EventDate "2008.06.??"]
[EventType "swiss"]
[EventRounds "9"]
[EventCountry "FRA"]
[SourceDate "2008.06.28"]

1. e4 c6 2. d4 d5 3. e5 Bf5 4. Nf3 e6 5. Be2 Nd7 6. O-O h6 7. b3 Rc8 8. c4 g5
9. Be3 Bg7 10. Nc3 Bg6 11. cxd5 exd5 12. Bd3 Bxd3 13. Qxd3 Nf8 14. Rac1 Ne6 15.
h4 g4 16. Nh2 Qxh4 17. f4 g3 18. Nf3 Qh5 19. f5 Ng5 20. Nxd5 Nxf3+ 21. Rxf3
Qh2+ 22. Kf1 Rd8 23. f6 Bf8 24. Nf4 h5 25. Bg1 Qh4 26. e6 Qxf6 27. exf7+ Qxf7
28. Ng6 Rh7 29. Qe4+ Be7 30. Rxf7 Rxf7+ 31. Ke2 Nf6 32. Qe6 Rd6 33. Qc8+ Bd8
34. Ne5 Rg7 35. Qf5 Kf8 36. Be3 Ke8 37. Rf1 Be7 38. Bg5 Kd8 39. Bxf6 Bxf6 40.
Qxf6+ Rxf6 41. Rxf6 c5 42. dxc5 Ke7 43. Rg6 Rxg6 44. Nxg6+ Kf6 45. Kf3 Kxg6 46.
Kxg3 Kg5 47. b4 a6 48. a3 1-0

[Event "Paris-ch Open A"]
[Site "Paris"]
[Date "2008.06.30"]
[Round "3.10"]
[White "Larrat, Philippe"]
[Black "Guerlach, Frederic"]
[Result "1/2-1/2"]
[WhiteElo "2210"]
[BlackElo "2099"]
[PlyCount "50"]
[EventDate "2008.06.??"]
[EventType "swiss"]
[EventRounds "9"]
[EventCountry "FRA"]
[SourceDate "2008.06.28"]

1. Nf3 g6 2. c4 Nf6 3. g3 Bg7 4. Bg2 O-O 5. O-O d5 6. cxd5 Nxd5 7. d4 Nb6 8. h3
Nc6 9. e3 Re8 10. Nc3 a5 11. Bd2 e5 12. Nb5 Be6 13. b3 exd4 14. exd4 Qd7 15.
Rc1 a4 16. Rc5 axb3 17. axb3 Rec8 18. Kh2 Na5 19. Nxc7 Rxc7 20. Rxa5 Rxa5 21.
Bxa5 Qb5 22. d5 Rd7 23. Bxb6 Qxb6 24. Ng5 Qd8 25. Nxe6 fxe6 1/2-1/2

[Event "Paris-ch Open A"]
[Site "Paris"]
[Date "2008.07.01"]
[Round "3.21"]
[White "Silva, Francis"]
[Black "Licayan, Albert"]
[Result "1-0"]
[WhiteElo "2009"]
[BlackElo "2157"]
[PlyCount "113"]
[EventDate "2008.06.??"]
[EventType "swiss"]
[EventRounds "9"]
[EventCountry "FRA"]
[SourceDate "2008.06.28"]

1. d4 d5 2. c4 c6 3. e3 Nf6 4. Nc3 a6 5. a4 g6 6. Nf3 Bg7 7. Bd3 O-O 8. O-O Bg4
9. h3 Bxf3 10. Qxf3 e6 11. Qe2 Nbd7 12. cxd5 exd5 13. b4 Re8 14. Qc2 Rc8 15.
Bd2 Qe7 16. Rfb1 Ne4 17. Qb2 Ndf6 18. Be1 Nxc3 19. Qxc3 Ne4 20. Qb3 Red8 21.
Ra2 Kh8 22. Rc2 Nd6 23. b5 cxb5 24. Rxc8 Rxc8 25. axb5 Nc4 26. bxa6 bxa6 27.
Qb7 Qxb7 28. Rxb7 Bf8 29. Kf1 Kg8 30. Ke2 Ra8 31. Bxc4 dxc4 32. Ba5 Rc8 33. Kd2
Ba3 34. Kc3 f5 35. Bc7 Kf8 36. Rb8 Rxb8 37. Bxb8 Ke7 38. Kxc4 Kd7 39. Ba7 Bd6
40. f3 g5 41. e4 fxe4 42. fxe4 Ke6 43. Bc5 Bc7 44. g4 Bg3 45. Bb6 Be1 46. Kc5
Kd7 47. e5 Ke6 48. Kc4 a5 49. Bc7 Bb4 50. d5+ Kd7 51. Bb6 Be1 52. e6+ Ke7 53.
Bc5+ Kf6 54. Kb5 Bc3 55. e7 Kf7 56. d6 Bf6 57. Kc6 1-0

[Event "Paris-ch Open A"]
[Site "Paris"]
[Date "2008.07.01"]
[Round "4.1"]
[White "Laurent, Julien G"]
[Black "Strugnell, Carl"]
[Result "1/2-1/2"]
[WhiteElo "2294"]
[BlackElo "2188"]
[PlyCount "131"]
[EventDate "2008.06.??"]
[EventType "swiss"]
[EventRounds "9"]
[EventCountry "FRA"]
[SourceDate "2008.06.28"]

1. c4 Nf6 2. Nf3 g6 3. b4 Bg7 4. Bb2 O-O 5. g3 d5 6. cxd5 Qxd5 7. Bg2 Qh5 8. h3
a5 9. bxa5 Nc6 10. d3 Qxa5+ 11. Nbd2 Be6 12. a3 Ra6 13. O-O b5 14. Nb3 Qb6 15.
Qc2 Bxb3 16. Qxb3 Na5 17. Qc2 c5 18. Rab1 Nc6 19. Rfc1 Nd4 20. Bxd4 cxd4 21.
Qc5 Qxc5 22. Rxc5 Rxa3 23. Nxd4 Ra2 24. Rc2 Rxc2 25. Nxc2 Rb8 26. Nd4 Rb6 27.
Rxb5 Rxb5 28. Nxb5 Ne8 29. Bd5 Nd6 30. Na7 e6 31. Bf3 Nf5 32. e3 h5 33. Kg2 Bf8
34. d4 Kg7 35. Be2 Nd6 36. Bd3 Ne8 37. Kf3 Nd6 38. e4 Ne8 39. Ke3 e5 40. Nc6
exd4+ 41. Kxd4 Bd6 42. e5 Ba3 43. Bc4 f6 44. e6 Nd6 45. Bb3 Nf5+ 46. Kc4 Nd6+
47. Kd5 Nf5 48. Nb8 Ne7+ 49. Kc4 Bd6 50. Nd7 f5 51. Bc2 Ba3 52. Kb5 Bd6 53. Ka5
Nc6+ 54. Ka4 Ne7 55. Bd3 Nc8 56. Kb5 Ne7 57. Bc4 Ba3 58. Kb6 Bd6 59. Kb7 g5 60.
Bd3 g4 61. hxg4 hxg4 62. Bc4 f4 63. gxf4 Bxf4 64. Bf1 Kg6 65. Bd3+ Kg7 66. Be2
1/2-1/2

[Event "Paris-ch Open A"]
[Site "Paris"]
[Date "2008.07.01"]
[Round "4.2"]
[White "Gervasio, Ricardo"]
[Black "Aurel, Luc"]
[Result "1-0"]
[WhiteElo "2287"]
[BlackElo "2165"]
[PlyCount "37"]
[EventDate "2008.06.??"]
[EventType "swiss"]
[EventRounds "9"]
[EventCountry "FRA"]
[SourceDate "2008.06.28"]

1. e4 Nc6 2. Bc4 Nf6 3. d3 d6 4. f4 e6 5. Bb3 Nd4 6. Nf3 Nxb3 7. axb3 Be7 8.
O-O O-O 9. Kh1 c5 10. Qe1 Bd7 11. Nc3 b5 12. e5 dxe5 13. fxe5 Nd5 14. Ne4 f6
15. exf6 gxf6 16. Bh6 Rf7 17. Qg3+ Kh8 18. Ne5 Qe8 19. Ng5 1-0

[Event "Paris-ch Open A"]
[Site "Paris"]
[Date "2008.07.01"]
[Round "4.3"]
[White "Lavabre, Fabien"]
[Black "Roumegous, Christophe"]
[Result "1-0"]
[WhiteElo "2221"]
[BlackElo "2001"]
[PlyCount "37"]
[EventDate "2008.06.??"]
[EventType "swiss"]
[EventRounds "9"]
[EventCountry "FRA"]
[SourceDate "2008.06.28"]

1. d4 f5 2. Bg5 h6 3. Bh4 g5 4. Bg3 d6 5. e3 Bg7 6. Bc4 e6 7. h4 g4 8. h5 Qe7
9. Nc3 c6 10. Nge2 Nd7 11. Nf4 Nf8 12. Qd2 Nf6 13. O-O-O d5 14. Be2 Rg8 15. f3
Bd7 16. Nd3 O-O-O 17. Na4 Be8 18. Qa5 Bxh5 19. Qxa7 1-0

[Event "Paris-ch Open A"]
[Site "Paris"]
[Date "2008.07.01"]
[Round "4.4"]
[White "Leburgue, Sylvain"]
[Black "Borzakian, Manouk"]
[Result "0-1"]
[WhiteElo "2196"]
[BlackElo "2217"]
[PlyCount "98"]
[EventDate "2008.06.??"]
[EventType "swiss"]
[EventRounds "9"]
[EventCountry "FRA"]
[SourceDate "2008.06.28"]

1. e4 d6 2. d4 g6 3. Nc3 Bg7 4. Bg5 a6 5. Nf3 b5 6. a4 b4 7. Nd5 Bb7 8. Qd2 Nf6
9. Qxb4 Bxd5 10. exd5 Nbd7 11. Qd2 Ne4 12. Qe3 Nxg5 13. Qxg5 Qb8 14. Bd3 Nf6
15. O-O O-O 16. b3 h6 17. Qh4 Qb7 18. Bc4 g5 19. Qg3 Ne4 20. Qg4 f5 21. Qh5 Rf7
22. h4 g4 23. Ne5 dxe5 24. d6 Nxd6 25. Bxf7+ Nxf7 26. Qxf5 exd4 27. Rae1 e5 28.
Qxg4 Qd5 29. f4 Kh8 30. fxe5 Nxe5 31. Qe4 Qxe4 32. Rxe4 Rd8 33. Rf5 Nc6 34. Rc5
Rd6 35. Rc4 a5 36. Re8+ Kh7 37. Rc8 Kg6 38. Rxc7 Ne5 39. R4c5 Bf6 40. Rxa5 Bd8
41. Rcc5 Bxa5 42. Rxa5 Kf5 43. Ra8 Rc6 44. a5 Rxc2 45. a6 Ke4 46. b4 d3 47. Rd8
Ra2 48. b5 d2 49. Kf1 Ke3 0-1

[Event "Paris-ch Open A"]
[Site "Paris"]
[Date "2008.07.01"]
[Round "4.5"]
[White "Bettioui, Noureddine"]
[Black "Rene, Benoit"]
[Result "1-0"]
[WhiteElo "2154"]
[BlackElo "2281"]
[PlyCount "269"]
[EventDate "2008.06.??"]
[EventType "swiss"]
[EventRounds "9"]
[EventCountry "FRA"]
[SourceDate "2008.06.28"]

1. e4 c5 2. Nf3 d6 3. d4 cxd4 4. Nxd4 Nf6 5. Nc3 g6 6. Be2 Bg7 7. Be3 Nc6 8.
O-O O-O 9. h3 Bd7 10. Qd2 Rc8 11. Nf3 a6 12. Rfd1 b5 13. a3 Re8 14. Rab1 Qc7
15. Bh6 Qb7 16. g4 Be6 17. Bxg7 Kxg7 18. Qf4 Na5 19. Nd4 Nc4 20. Rd3 Ne5 21.
Rg3 Bc4 22. Bd1 b4 23. axb4 Qxb4 24. Qe3 Be6 25. b3 Qc5 26. Na4 Qc7 27. c4 Rb8
28. Rc1 Nc6 29. Ne2 Qa5 30. Nf4 Qe5 31. Bc2 Nd4 32. Nxe6+ fxe6 33. f4 Qxf4 34.
Qxf4 Ne2+ 35. Kf2 Nxf4 36. Ke3 e5 37. Nc3 Nd7 38. Ra1 Nc5 39. Ra3 Nfe6 40. Ne2
Rb6 41. Rg1 Nd8 42. Nc3 Nc6 43. Nd5 Rb7 44. Rb1 Reb8 45. Bd1 e6 46. Nc3 Nd4 47.
g5 Kf7 48. Rb2 Ke7 49. h4 Kd7 50. Na2 Ndxb3 51. Rf2 Nd4 52. Nc3 Ke7 53. Na4 Nd7
54. Nc3 Rb6 55. Rfa2 Rc8 56. Rxa6 Rxa6 57. Rxa6 Rxc4 58. Na2 Rc7 59. Ra8 Kf7
60. h5 gxh5 61. Bxh5+ Kg7 62. Rd8 Nb3 63. Re8 Nf8 64. Rd8 Rd7 65. Rc8 Ng6 66.
Nc3 Nc5 67. Nb5 Nb7 68. Nc7 Re7 69. Ne8+ Kf7 70. Nf6 d5 71. Rh8 dxe4 72. Rxh7+
Kf8 73. Bxg6 Rxh7 74. Bxh7 Kg7 75. Bxe4 Nd6 76. Nh5+ Kg8 77. Bg6 Kf8 78. Bh7
Ke7 79. Bd3 Kf7 80. Bh7 Ke7 81. Ng3 Kf7 82. Kf3 Kg7 83. Bd3 Nf7 84. Nh5+ Kg8
85. g6 Nd6 86. Kg4 e4 87. Be2 Nf5 88. Kg5 Ne7 89. g7 Nf5 90. Kf6 e3 91. Bd3
Nxg7 92. Nxg7 Kh8 93. Nxe6 Kg8 94. Nf4 Kh8 95. Ng2 Kg8 96. Nxe3 Kh8 97. Ng4 Kg8
98. Ne5 Kh8 99. Nf7+ Kg8 100. Be4 Kf8 101. Nh6 Ke8 102. Nf5 Kf8 103. Bd5 Ke8
104. Ke6 Kf8 105. Kd6 Ke8 106. Bg8 Kf8 107. Bc4 Ke8 108. Ke6 Kf8 109. Kf6 Ke8
110. Bd5 Kf8 111. Ne7 Ke8 112. Ng6 Kd7 113. Ke5 Ke8 114. Bg8 Kd7 115. Kd5 Ke8
116. Be6 Kd8 117. Kd6 Ke8 118. Bg8 Kd8 119. Bf7 Kc8 120. Bd5 Kd8 121. Bc6 Kc8
122. Nf4 Kd8 123. Ne6+ Kc8 124. Bd5 Kb8 125. Kc6 Kc8 126. Bc4 Kb8 127. Kb6 Kc8
128. Bb5 Kb8 129. Bd7 Ka8 130. Nd8 Kb8 131. Bf5 Ka8 132. Bc8 Kb8 133. Ba6 Ka8
134. Bb7+ Kb8 135. Nc6# 1-0

[Event "Paris-ch Open A"]
[Site "Paris"]
[Date "2008.07.01"]
[Round "4.6"]
[White "Aguirre, Simon"]
[Black "Tarchichi, Paul"]
[Result "1/2-1/2"]
[WhiteElo "2278"]
[BlackElo "2131"]
[PlyCount "81"]
[EventDate "2008.06.??"]
[EventType "swiss"]
[EventRounds "9"]
[EventCountry "FRA"]
[SourceDate "2008.06.28"]

1. Nf3 Nf6 2. g3 d5 3. Bg2 c6 4. O-O Bf5 5. d3 Nbd7 6. c4 dxc4 7. dxc4 e5 8.
Nh4 Be6 9. Qc2 Bc5 10. Nc3 Nb6 11. b3 O-O 12. Nf3 Qc7 13. Bb2 h6 14. Na4 Nxa4
15. Bxe5 Qe7 16. bxa4 Nd7 17. Bb2 Nb6 18. Ne5 Bd6 19. c5 Bxc5 20. a5 Nd5 21. a6
bxa6 22. Nxc6 Qd6 23. Nd4 Nb4 24. Qe4 Bd5 25. Qg4 Bxg2 26. Ne6 g6 27. Nxc5 Bxf1
28. Qxb4 Bxe2 29. Qc3 f6 30. Ne4 Qe6 31. Nxf6+ Qxf6 32. Qxf6 Rxf6 33. Bxf6 Bf3
34. h3 h5 35. Kh2 Rc8 36. Bd4 Rc2 37. a3 Kf7 38. Rb1 Rd2 39. Bxa7 Rd1 40. Rxd1
Bxd1 41. Kg2 1/2-1/2

[Event "Paris-ch Open A"]
[Site "Paris"]
[Date "2008.07.01"]
[Round "4.7"]
[White "Matrand, Arnaud"]
[Black "Lacrosse, Marc"]
[Result "1/2-1/2"]
[WhiteElo "2125"]
[BlackElo "2251"]
[PlyCount "61"]
[EventDate "2008.06.??"]
[EventType "swiss"]
[EventRounds "9"]
[EventCountry "FRA"]
[SourceDate "2008.06.28"]

1. e4 e5 2. Nf3 Nc6 3. Bb5 a6 4. Ba4 Nf6 5. Nc3 Be7 6. O-O b5 7. Bb3 d6 8. h3
O-O 9. d3 h6 10. Nd5 Na5 11. Bd2 Nxb3 12. Nxe7+ Qxe7 13. axb3 Nh7 14. Re1 f5
15. exf5 Rxf5 16. Nd4 Rf7 17. Nxb5 Qh4 18. Rf1 Bxh3 19. Ra4 Qd8 20. Nxd6 cxd6
21. gxh3 Ng5 22. Bxg5 Qxg5+ 23. Rg4 Qf5 24. Qe2 Raf8 25. Qe4 Qe6 26. Qg6 Qd7
27. Rg3 Rf6 28. Qg4 Qf7 29. Rg2 Rf3 30. Rg3 Rxg3+ 31. Qxg3 1/2-1/2

[Event "Paris-ch Open A"]
[Site "Paris"]
[Date "2008.07.01"]
[Round "4.8"]
[White "Pozdnjakov, Evgueniy"]
[Black "Delabre, Tony"]
[Result "1-0"]
[WhiteElo "2244"]
[BlackElo "2122"]
[PlyCount "99"]
[EventDate "2008.06.??"]
[EventType "swiss"]
[EventRounds "9"]
[EventCountry "FRA"]
[SourceDate "2008.06.28"]

1. d4 f5 2. g3 Nf6 3. Bg2 g6 4. Nh3 Bg7 5. O-O O-O 6. Nf4 c6 7. c4 d6 8. d5 Bd7
9. Nc3 a5 10. Qb3 Qc8 11. Na4 Qc7 12. Nb6 Ra6 13. c5 Kh8 14. Nxd7 Qxd7 15. Ne6
Rc8 16. cxd6 cxd5 17. Nxg7 Kxg7 18. dxe7 Nc6 19. Rd1 Nxe7 20. Bg5 a4 21. Qa3 b5
22. Rd2 Re6 23. Be3 Ne4 24. Bxe4 Rxe4 25. Rad1 b4 26. Qd3 Rd8 27. Bd4+ Kf7 28.
b3 Nc6 29. Ba1 a3 30. Qa6 Qe6 31. Rc1 Ne7 32. Qb5 Rc8 33. Rcd1 Qc6 34. Qd3 Rc7
35. e3 Qc5 36. Bd4 Qc6 37. Qf1 Re6 38. Qh3 h5 39. Qh4 Ng8 40. Ba1 Re4 41. Qg5
Rd7 42. f3 Re8 43. e4 fxe4 44. fxe4 Rxe4 45. Rf2+ Ke8 46. Rdf1 Qd6 47. Rc1 Rd8
48. Bg7 Qe7 49. Qxg6+ Kd7 50. Qc6# 1-0

[Event "Paris-ch Open A"]
[Site "Paris"]
[Date "2008.07.01"]
[Round "4.9"]
[White "Rabineau, Clement"]
[Black "Veron, Cyprien"]
[Result "1-0"]
[WhiteElo "2241"]
[BlackElo "2109"]
[PlyCount "45"]
[EventDate "2008.06.??"]
[EventType "swiss"]
[EventRounds "9"]
[EventCountry "FRA"]
[SourceDate "2008.06.28"]

1. e4 e5 2. Nf3 Nc6 3. Nc3 Nf6 4. d4 exd4 5. Nxd4 Bb4 6. Nxc6 bxc6 7. Bd3 d5 8.
exd5 cxd5 9. O-O O-O 10. Bg5 c6 11. Qf3 Be7 12. Rfe1 h6 13. Bxh6 gxh6 14. Qe3
Be6 15. Qxh6 Bd6 16. Re3 Bg4 17. Rae1 Bh5 18. Qg5+ Kh8 19. Rh3 Re8 20. Rxh5+
Nxh5 21. Qxh5+ Kg7 22. Qh7+ Kf6 23. Qh6# 1-0

[Event "Paris-ch Open A"]
[Site "Paris"]
[Date "2008.07.01"]
[Round "4.10"]
[White "Guerra, Eric"]
[Black "Pozdnjakov, Viatcheslav"]
[Result "0-1"]
[WhiteElo "2119"]
[BlackElo "2244"]
[PlyCount "95"]
[EventDate "2008.06.??"]
[EventType "swiss"]
[EventRounds "9"]
[EventCountry "FRA"]
[SourceDate "2008.06.28"]

1. d4 d5 2. Nf3 c6 3. Bf4 Qb6 4. b3 Bf5 5. e3 Nf6 6. Be2 Nbd7 7. O-O e6 8. h3
h6 9. Ne5 Be7 10. Nd3 c5 11. c3 Rc8 12. Nd2 O-O 13. a3 cxd4 14. cxd4 Rc3 15.
Ne1 Rfc8 16. b4 a5 17. bxa5 Qxa5 18. a4 Qb6 19. Bb5 Nb8 20. Bxb8 Rxb8 21. Rc1
Rbc8 22. Rxc3 Rxc3 23. Nb1 Rc8 24. Nd3 Ne4 25. Qb3 Nd6 26. Rc1 Rxc1+ 27. Nxc1
Nxb5 28. axb5 Qa5 29. Nd3 Qc7 30. Nd2 b6 31. Nf3 Qc4 32. Qxc4 dxc4 33. Nc1 c3
34. d5 Ba3 35. d6 Kf8 36. Na2 c2 37. Ne5 c1=Q+ 38. Nxc1 Bxc1 39. Nd7+ Ke8 40.
Nxb6 Bd3 41. Na4 Bxb5 42. Nc3 Bd3 43. Na4 Ba3 44. f4 Kd7 45. Kf2 Kxd6 46. g4 e5
47. Nc3 Bb4 48. Na4 0-1

[Event "Paris-ch Open A"]
[Site "Paris"]
[Date "2008.07.02"]
[Round "5.1"]
[White "Borzakian, Manouk"]
[Black "Gervasio, Ricardo"]
[Result "0-1"]
[WhiteElo "2217"]
[BlackElo "2287"]
[PlyCount "66"]
[EventDate "2008.06.??"]
[EventType "swiss"]
[EventRounds "9"]
[EventCountry "FRA"]
[SourceDate "2008.06.28"]

1. e4 c6 2. d4 g6 3. Nc3 d5 4. e5 h5 5. f4 Nh6 6. Nf3 Bg4 7. Be3 e6 8. h3 Bxf3
9. Qxf3 Nf5 10. Bf2 h4 11. Bd3 Nd7 12. O-O b5 13. Ne2 Nb6 14. b3 Rc8 15. c3 a5
16. Kh1 Qd7 17. Rac1 Be7 18. Rfd1 O-O 19. g4 hxg3 20. Nxg3 Nxg3+ 21. Qxg3 Kg7
22. Rg1 Rg8 23. Be3 Kh8 24. f5 exf5 25. Bg5 Rg7 26. Rcf1 Rh7 27. e6 Qd8 28.
Rxf5 gxf5 29. Bxf5 Bxg5 30. Bxh7 Kxh7 31. Qf3 Qf6 32. Qh5+ Bh6 33. Rg3 Qxe6 0-1

[Event "Paris-ch Open A"]
[Site "Paris"]
[Date "2008.07.02"]
[Round "5.2"]
[White "Bettioui, Noureddine"]
[Black "Lavabre, Fabien"]
[Result "0-1"]
[WhiteElo "2154"]
[BlackElo "2221"]
[PlyCount "88"]
[EventDate "2008.06.??"]
[EventType "swiss"]
[EventRounds "9"]
[EventCountry "FRA"]
[SourceDate "2008.06.28"]

1. e4 c5 2. Nf3 d6 3. d4 cxd4 4. Nxd4 Nf6 5. Nc3 a6 6. Be2 e5 7. Nb3 Be7 8. Be3
Be6 9. O-O O-O 10. f4 exf4 11. Rxf4 Nc6 12. Nd4 Ne5 13. Nf5 Ng6 14. Rf2 Rc8 15.
Bd4 Ne8 16. Bf1 Bg5 17. g3 Ne5 18. h4 Bf6 19. Nd5 Bxd5 20. exd5 g6 21. Nh6+ Kg7
22. Ng4 Nxg4 23. Qxg4 Be5 24. Bh3 f5 25. Bxe5+ dxe5 26. Qe2 Qxd5 27. Rd1 Qc5
28. Bg2 Nf6 29. b4 Qe7 30. a3 Rc3 31. Rd3 Rfc8 32. Qd1 e4 33. Rd6 Rxg3 34. Qd4
Rgc3 35. h5 R3c4 36. h6+ Kf7 37. Qd1 R4c6 38. Rfd2 Rxd6 39. Rxd6 Qe5 40. Rd7+
Ke8 41. Rg7 Rd8 42. Qe2 Qd4+ 43. Kh2 Ng4+ 44. Kg3 Qe5+ 0-1

[Event "Paris-ch Open A"]
[Site "Paris"]
[Date "2008.07.02"]
[Round "5.3"]
[White "Djalal, Boris"]
[Black "Laurent, Julien G"]
[Result "1/2-1/2"]
[WhiteElo "2199"]
[BlackElo "2294"]
[PlyCount "82"]
[EventDate "2008.06.??"]
[EventType "swiss"]
[EventRounds "9"]
[EventCountry "FRA"]
[SourceDate "2008.06.28"]

1. g3 e5 2. Bg2 d5 3. d3 Nc6 4. Nf3 Nf6 5. O-O h6 6. c3 a5 7. Nbd2 Be6 8. e4
dxe4 9. dxe4 Bc5 10. Qe2 O-O 11. Nc4 Ng4 12. h3 Bxf2+ 13. Rxf2 Nxf2 14. Kxf2 f5
15. exf5 Bxf5 16. Ncxe5 Nxe5 17. Qxe5 Qd7 18. g4 Rae8 19. Qd4 Qxd4+ 20. cxd4
Be4 21. Bd2 Rxf3+ 22. Bxf3 Rf8 23. Bxa5 Rxf3+ 24. Ke2 b6 25. Bc3 Rxh3 26. Rg1
Kf7 27. g5 h5 28. g6+ Bxg6 29. d5 Rh4 30. Rg5 Re4+ 31. Kf3 Re7 32. Re5 Rd7 33.
Kf4 Kg8 34. Kg5 Kh7 35. a4 Bf7 36. a5 bxa5 37. Bxa5 g6 38. Bc3 Bxd5 39. Re8 Bg8
40. Bf6 Rd5+ 41. Be5 Rd7 1/2-1/2

[Event "Paris-ch Open A"]
[Site "Paris"]
[Date "2008.07.02"]
[Round "5.4"]
[White "Strugnell, Carl"]
[Black "Pozdnjakov, Evgueniy"]
[Result "1-0"]
[WhiteElo "2188"]
[BlackElo "2244"]
[PlyCount "87"]
[EventDate "2008.06.??"]
[EventType "swiss"]
[EventRounds "9"]
[EventCountry "FRA"]
[SourceDate "2008.06.28"]

{Prix de beauté} 1. e4 e6 2. d4 d5 3. Nc3 Nf6 4. e5 Nfd7 5. f4 c5 6. Nf3 Nc6 7.
Be3 Qb6 8. Na4 Qa5+ 9. c3 cxd4 10. b4 Nxb4 11. cxb4 Bxb4+ 12. Bd2 Bxd2+ 13.
Nxd2 b6 14. Bd3 Ba6 15. Nb2 Nc5 16. Bxa6 Qxa6 17. Qe2 Qa3 18. Qb5+ Ke7 19. O-O
Qe3+ 20. Rf2 Rhc8 21. Raf1 a6 22. Qxb6 g6 23. Nd1 Qd3 24. Qb1 Qa3 25. Rf3 d3
26. Nf2 Rab8 27. Nb3 a5 28. Nxd3 Ne4 29. Qe1 Qxa2 30. Qh4+ Ke8 31. Nd4 Qc4 32.
Nxe6 fxe6 33. Qxh7 Qc7 34. Qg8+ Ke7 35. Qxg6 Rf8 36. f5 Qb6+ 37. Kh1 exf5 38.
Qh7+ Ke8 39. Rxf5 Rxf5 40. Qxf5 Kd8 41. Qf8+ Kd7 42. Qf7+ Kc8 43. Rc1+ Nc5 44.
Qxd5 1-0

[Event "Paris-ch Open A"]
[Site "Paris"]
[Date "2008.07.02"]
[Round "5.5"]
[White "Pozdnjakov, Viatcheslav"]
[Black "Lebrun, Xavier"]
[Result "0-1"]
[WhiteElo "2244"]
[BlackElo "2144"]
[PlyCount "72"]
[EventDate "2008.06.??"]
[EventType "swiss"]
[EventRounds "9"]
[EventCountry "FRA"]
[SourceDate "2008.06.28"]

1. d4 Nf6 2. Nf3 d6 3. c4 Nbd7 4. Nc3 e5 5. e4 Be7 6. Be2 O-O 7. O-O c6 8. Qc2
b6 9. Rd1 Qc7 10. h3 Bb7 11. Bg5 a6 12. Rac1 h6 13. Bh4 Rfe8 14. Bg3 Bf8 15.
Bd3 g6 16. b4 Nh5 17. Bh2 Bg7 18. c5 bxc5 19. bxc5 dxc5 20. dxe5 Nxe5 21. Nxe5
Bxe5 22. Bxe5 Rxe5 23. Qd2 Rg5 24. Ne2 Rd8 25. f4 c4 26. Rxc4 Qb6+ 27. Kh2 Rb5
28. Rc2 Qf2 29. Qc1 Rb4 30. Rf1 Qb6 31. Rf3 c5 32. Rxc5 Bxe4 33. Bxe4 Rxe4 34.
Rc2 Rde8 35. Ng3 Re1 36. Nxh5 Rxc1 0-1

[Event "Paris-ch Open A"]
[Site "Paris"]
[Date "2008.07.02"]
[Round "5.6"]
[White "Guerlach, Frederic"]
[Black "Rabineau, Clement"]
[Result "0-1"]
[WhiteElo "2099"]
[BlackElo "2241"]
[PlyCount "116"]
[EventDate "2008.06.??"]
[EventType "swiss"]
[EventRounds "9"]
[EventCountry "FRA"]
[SourceDate "2008.06.28"]

1. Nf3 d6 2. d4 g6 3. e4 Nf6 4. Nc3 Bg7 5. h3 O-O 6. Bd3 c5 7. dxc5 dxc5 8. O-O
Nc6 9. Bg5 Be6 10. Re1 Nd7 11. Qd2 Nde5 12. Nxe5 Nxe5 13. Be2 Qxd2 14. Bxd2 Bc4
15. Nd5 Rfd8 16. Ba5 b6 17. Bc3 Bxe2 18. Rxe2 e6 19. Ne3 Nc6 20. Bxg7 Kxg7 21.
c3 Rd7 22. Rd1 Rxd1+ 23. Nxd1 Rd8 24. Ne3 Ne5 25. Kf1 g5 26. Rc2 h5 27. Ke2 h4
28. Rd2 Rxd2+ 29. Kxd2 Kf6 30. b3 b5 31. a4 bxa4 32. bxa4 Ke7 33. Kc2 Kd6 34.
Kb3 Nd3 35. Nc4+ Ke7 36. f3 Nf4 37. Ne3 Kd6 38. Kc4 Kc6 39. Ng4 Kb6 40. Ne5 f5
41. Nd7+ Kc6 42. Nxc5 Kd6 43. Nb3 fxe4 44. fxe4 Nxg2 45. Nd4 g4 46. hxg4 h3 47.
Nf3 Ne3+ 48. Kb5 Nxg4 49. Ka6 h2 50. Nxh2 Nxh2 51. Kxa7 Kc7 52. Ka6 Kc6 53. Ka5
Ng4 54. Kb4 Nf6 55. a5 Nxe4 56. a6 Kb6 57. Kc4 Nd6+ 58. Kd4 Nf7 0-1

[Event "Paris-ch Open A"]
[Site "Paris"]
[Date "2008.07.02"]
[Round "5.7"]
[White "Toulzac, Pierre Yves"]
[Black "Ballester, Alexandre"]
[Result "1/2-1/2"]
[WhiteElo "2238"]
[BlackElo "2101"]
[PlyCount "39"]
[EventDate "2008.06.??"]
[EventType "swiss"]
[EventRounds "9"]
[EventCountry "FRA"]
[SourceDate "2008.06.28"]

1. d4 d5 2. c4 c6 3. Nc3 Nf6 4. Nf3 e6 5. Bg5 dxc4 6. e4 b5 7. e5 h6 8. Bh4 g5
9. Nxg5 hxg5 10. Bxg5 Nbd7 11. exf6 Bb7 12. g3 c5 13. d5 Nxf6 14. Bg2 Be7 15.
O-O Nxd5 16. Bxe7 Kxe7 17. Nxb5 Qb6 18. Na3 c3 19. Nc4 Qc7 20. Qc1 1/2-1/2

[Event "Paris-ch Open A"]
[Site "Paris"]
[Date "2008.07.02"]
[Round "5.8"]
[White "Sochor, Stanislav"]
[Black "Aguirre, Simon"]
[Result "0-1"]
[WhiteElo "2118"]
[BlackElo "278"]
[PlyCount "84"]
[EventDate "2008.06.??"]
[EventType "swiss"]
[EventRounds "9"]
[EventCountry "FRA"]
[SourceDate "2008.06.28"]

1. d4 Nf6 2. Nf3 g6 3. g3 Bg7 4. Bg2 O-O 5. O-O d5 6. c4 Nc6 7. b3 Bf5 8. Bb2
a5 9. Nc3 dxc4 10. bxc4 Ne4 11. e3 Nxc3 12. Bxc3 Be4 13. a4 b6 14. Qb3 Qd6 15.
d5 Bxc3 16. Qxc3 Bxf3 17. Bxf3 Ne5 18. Be2 Nd7 19. e4 e5 20. f4 f6 21. f5 Nc5
22. Bd3 Nb7 23. Qa3 Qc5+ 24. Qxc5 bxc5 25. Rab1 Nd6 26. g4 Kg7 27. Kg2 Rfb8 28.
Rfe1 Rb4 29. Rxb4 axb4 30. Ra1 Ra5 31. Kf3 Kh6 32. fxg6 hxg6 33. h4 Nb7 34. Bc2
Ra8 35. Rd1 Rd8 36. Bb3 Na5 37. Rd3 Nxb3 38. Rxb3 Ra8 39. Rd3 Rxa4 40. d6 cxd6
41. Rxd6 b3 42. Rd3 b2 0-1

[Event "Paris-ch Open A"]
[Site "Paris"]
[Date "2008.07.02"]
[Round "5.9"]
[White "Rakem, Zine Eddine"]
[Black "Baron, Thierry"]
[Result "0-1"]
[WhiteElo "2090"]
[BlackElo "2259"]
[PlyCount "82"]
[EventDate "2008.06.??"]
[EventType "swiss"]
[EventRounds "9"]
[EventCountry "FRA"]
[SourceDate "2008.06.28"]

1. e4 e5 2. Nf3 Nc6 3. d3 Nf6 4. g3 Bc5 5. Bg2 d6 6. c3 O-O 7. O-O a5 8. h3 Re8
9. Qe2 d5 10. Bg5 dxe4 11. dxe4 h6 12. Bxf6 Qxf6 13. Nbd2 b6 14. a4 Ba6 15. Nc4
Qe6 16. Nfd2 Rad8 17. b3 Rd7 18. Rfc1 Red8 19. Ra2 Rd3 20. Kh2 Qf6 21. Nf3 Bxc4
22. bxc4 g6 23. Ne1 R3d6 24. h4 Kg7 25. Bh3 Nb8 26. Kg2 Qe7 27. Nf3 Nd7 28. Rd1
Nf6 29. Rd5 Nxd5 30. cxd5 Rf6 31. Qc4 c6 32. Rd2 cxd5 33. exd5 e4 34. Nd4 e3
35. fxe3 Qe4+ 36. Kh2 Qxe3 37. Re2 Rf2+ 38. Bg2 Rxe2 39. Nxe2 Re8 40. Nd4 Qf2
41. Qb5 Re3 0-1